00919cam a2200277 a 450000100090000000300040000900500170001300800410003001000170007102000420008804000180013004200080014804300120015605000220016808200260019010000270021624501310024326000370037430000330041150400510044465000220049565000370051765000420055470000180059670000270061416938751OSt20170105102906.0110829s2012 flua b 001 0 eng  a 2011036200 a9781439871317 (hbk. : acidfree paper) aDLCcDLCdDLC apcc an-us---00aHV6431b.D98 201200a363.325223bDZI 20121 aDzikansky, Mordecai Z.10aTerrorist suicide bombings :battack interdiction, mitigation, and response /cMordecai Dzikansky, Gil Kleiman, Robert Slater. aBoca Raton :bCRC Press,cc2012. axxx, 312 p :bill. ;c25 cm. aIncludes bibliographical references and index. 0aSuicide bombings. 0aSuicide bombingszUnited States. 0aTerrorismzUnited StatesxPrevention.1 aKleiman, Gil.1 aSlater, Robert,d1943-